[Event "AUTO-INT-3500"]
[Site "http://www.queenalice.com/game.php?id=1599053"]
[Date "2020.2.10"]
[Round "1"]
[White "gomestrovao"]
[Black "APSHOOTER"]
[Result "0-1"]
[WhiteElo "1446"]
[BlackElo "1592"]

1. e4 e5 2. Bc4 Nf6 3. Nc3 a6 4. Nf3 d6 5. Ng5 d5 6. Bb3 h6 7. Nf3 Bg4 8. h3 d4
9. Nd5 Bxf3 10. Qxf3 Nbd7 11. O-O Nc5 12. Nxf6+ gxf6 13. Bd5 c6 14. Bc4 b5 15.
Bb3 Nxb3 16. Qxb3 Bd6 17. d3 Qd7 18. Bd2 a5 19. c3 a4 20. Qd1 f5 21. Qh5 O-O-O
22. exf5 f6 23. Bxh6 Bf8 24. Qg6 Rxh6 25. Qg4 Bg7 26. f4 dxc3 27. bxc3 Rhh8 28.
Rad1 Rdg8 29. fxe5 Bf8 30. Rde1 Rxg4 31. hxg4 Qxd3 32. e6 Be7 33. Rd1 Bc5+ 0-1

[Event "AUTO-INT-3500"]
[Site "http://www.queenalice.com/game.php?id=1599054"]
[Date "2020.2.10"]
[Round "1"]
[White "APSHOOTER"]
[Black "gomestrovao"]
[Result "0-1"]
[WhiteElo "1593"]
[BlackElo "1456"]

1. e4 e5 2. Bc4 Bc5 3. Qf3 Qf6 4. Nc3 Ne7 5. Qxf6 gxf6 6. d3 Nbc6 7. Nf3 d6 8.
h3 Be6 9. Nd5 Nxd5 10. Bxd5 Bxd5 11. exd5 Nd4 12. Nxd4 Bxd4 13. O-O O-O-O 14. c3
Bb6 15. Be3 f5 16. Bxb6 axb6 17. Rad1 Rhg8 18. d4 e4 19. Rfe1 Rde8 20. f4 Rg3
21. Rf1 Reg8 22. Rf2 Rxh3 23. Kf1 Rh2 24. Ke2 Rgxg2 25. Rxg2 Rxg2+ 26. Ke3 Rxb2
27. Rd2 Rxd2 28. Kxd2 h5 29. Ke2 h4 30. Kf2 h3 31. Kg3 e3 32. Kf3 h2 33. Kg2 e2
34. Kf2 h1=Q 35. Kxe2 Qxd5 36. Kd3 Qxa2 37. Ke3 Qc4 38. Kd2 c5 39. dxc5 bxc5 40.
Kc2 b5 41. Kb2 Qxf4 42. Kb3 Qc4+ 43. Kc2 f4 44. Kd2 f3 0-1

[Event "AUTO-INT-3500"]
[Site "http://www.queenalice.com/game.php?id=1599055"]
[Date "2020.2.10"]
[Round "1"]
[White "gomestrovao"]
[Black "balu"]
[Result "0-1"]
[WhiteElo "1565"]
[BlackElo "1713"]

1. e4 e5 2. Nf3 Nc6 3. Bc4 h6 4. O-O Bc5 5. c3 Nf6 6. d3 Na5 7. Nxe5 Nxc4 8.
Nxc4 d6 9. h3 O-O 10. Bf4 d5 11. Ne5 dxe4 12. d4 Bb6 13. Nd2 c5 14. Nec4 cxd4
15. Nxb6 axb6 16. Re1 dxc3 17. bxc3 Bf5 18. g4 Be6 19. Be5 Rc8 20. Bxf6 Qxf6 21.
Nxe4 Qh4 22. Qf3 Bd5 23. Qg3 Qxg3+ 24. Nxg3 Rxc3 25. Kh2 Rc2 26. Re2 Rxe2 27.
Nxe2 Bc4 28. Nc3 f5 29. f3 fxg4 30. hxg4 Rxf3 31. Rc1 b5 32. a4 bxa4 33. Nxa4 b5
34. Nb6 Kf7 35. Nxc4 bxc4 36. Rxc4 g5 37. Rc5 Kg6 38. Kg2 Ra3 39. Rc6+ Kg7 40.
Rc7+ Kg8 41. Rc6 Kg7 42. Rc7+ Kf6 43. Rc6+ Kg7 44. Rc7+ Kg6 45. Rc6+ Kg7 46.
Rc7+ Kf6 47. Rh7 Kg6 48. Rd7 Ra6 49. Kf3 Rf6+ 50. Kg3 h5 51. gxh5+ Kxh5 52. Rh7+
Rh6 53. Rf7 Kg6 54. Rd7 Kh5 55. Rd5 Rf6 56. Rd4 Re6 57. Rd5 Re4 58. Rf5 Re3+ 59.
Kg2 Kg6 60. Rf3 Rxf3 61. Kxf3 Kf5 62. Kg3 Kg6 63. Kh3 Kf5 64. Kh2 Kg4 65. Kg2
Kf4 66. Kf2 g4 67. Kg2 Ke4 68. Kg3 Kf5 69. Kg2 Kf4 70. Kf2 g3+ 71. Kg2 Kg4 72.
Kf1 Kf3 73. Kg1 g2 74. Kh2 Kf2 0-1

[Event "AUTO-INT-3500"]
[Site "http://www.queenalice.com/game.php?id=1599056"]
[Date "2020.2.10"]
[Round "1"]
[White "balu"]
[Black "gomestrovao"]
[Result "0-1"]
[WhiteElo "1731"]
[BlackElo "1477"]

1. e4 e5 2. Nf3 Nc6 3. Nc3 Nf6 4. Bc4 d5 5. exd5 Nd4 6. a4 a6 7. Nxe5 Bf5 8. d3
Bc5 9. O-O O-O 10. Nf3 Nxf3+ 11. Qxf3 Bg6 12. Bg5 Be7 13. Ne4 Nxe4 14. Bxe7 Qxe7
15. Rfe1 Qf6 16. dxe4 Qxb2 17. Bd3 Rae8 18. Rab1 Qc3 19. Rxb7 Qxe1+ 20. Bf1 Bxe4
21. Qe2 Qxe2 22. Bxe2 Bxd5 23. Rxc7 Rxe2 0-1

[Event "AUTO-INT-3500"]
[Site "http://www.queenalice.com/game.php?id=1599057"]
[Date "2020.2.10"]
[Round "1"]
[White "gomestrovao"]
[Black "Petr"]
[Result "1/2-1/2"]
[WhiteElo "1521"]
[BlackElo "1698"]

1. e4 c5 2. Bc4 a6 3. Nf3 b5 4. Bd5 Ra7 5. Ng5 e6 6. Nxf7 Kxf7 7. Qf3+ Nf6 8. e5
exd5 9. exf6 Qxf6 10. Qxd5+ Qe6+ 11. Qxe6+ Kxe6 12. O-O d5 13. d3 Kd6 14. Bf4+
Kc6 15. Bxb8 Rf7 16. Nd2 Bg4 17. f3 Bh5 18. Rae1 Bd6 19. Bxd6 Kxd6 20. Re3 Re7
21. Rxe7 Kxe7 22. Re1+ Kd6 23. Kf2 Bg6 24. g4 h6 25. h3 Re8 26. Rxe8 Bxe8 27. f4
c4 28. d4 a5 29. Nf3 b4 30. Ke2 Bb5 31. Kd2 Ke6 32. Ne5 g5 33. fxg5 hxg5 34. Ng6
a4 35. h4 gxh4 36. Nxh4 Kf6 37. Nf5 Kg5 38. Ne3 Bc6 39. c3 bxc3+ 40. Kxc3 Kf4
41. Kd2 Ke4 42. Nc2 Bd7 43. b3 cxb3 44. axb3 axb3 45. Nb4 Bxg4 46. Kc3 b2 47.
Kxb2 1/2-1/2

[Event "AUTO-INT-3500"]
[Site "http://www.queenalice.com/game.php?id=1599058"]
[Date "2020.2.10"]
[Round "1"]
[White "Petr"]
[Black "gomestrovao"]
[Result "1-0"]
[WhiteElo "1675"]
[BlackElo "1524"]

1. e4 e5 2. Nf3 Nc6 3. d4 Bd6 4. d5 Nce7 5. Nc3 a6 6. Be2 Nf6 7. O-O O-O 8. Bg5
Ng6 9. a3 h6 10. Be3 Ng4 11. Qd2 Nh4 12. Nxh4 Qxh4 13. h3 Nxe3 14. Qxe3 c6 15.
Rad1 f5 16. exf5 Rxf5 17. dxc6 dxc6 18. Rxd6 Qe7 19. Bc4+ Kh8 20. Rfd1 b5 21.
Rd8+ Rf8 22. Rxf8+ Qxf8 23. Bb3 Qe7 24. Ne4 Bf5 25. Nd6 Bg6 26. g4 Rf8 27. Ne4
Bxe4 28. Qxe4 Qc5 29. Qe3 Qe7 30. Re1 Re8 31. Qe4 Qc5 32. Rd1 Rf8 33. Qe3 Qe7
34. Qb6 Qh4 35. Qe3 e4 36. Rd2 Rf3 37. Qa7 Qxh3 38. Qb8+ Kh7 39. Bg8+ Kg6 40.
Qe8+ Kf6 41. Rd6+ Kg5 42. Qg6+ Kh4 43. Qh5# 1-0

[Event "AUTO-INT-3506"]
[Site "http://www.queenalice.com/game.php?id=1601664"]
[Date "2020.3.4"]
[Round "1"]
[White "kanibal"]
[Black "gomestrovao"]
[Result "0-1"]
[WhiteElo "1624"]
[BlackElo "1546"]

1. e4 e5 2. Nf3 Nc6 3. Bc4 Nf6 4. d3 Bc5 5. O-O O-O 6. Bd5 Nxd5 7. exd5 Nd4 8.
Be3 d6 9. Bxd4 exd4 10. c3 Bg4 11. h3 Bh5 12. c4 Re8 13. Nbd2 Bb4 14. Nb3 Qf6
15. a3 Bc5 16. Na5 Bb6 17. b4 Bxa5 18. bxa5 a6 19. Qb3 Rab8 20. Qb2 Bxf3 21.
gxf3 Qxf3 22. Rfe1 Red8 23. Qxd4 c5 24. Re3 Qxf2+ 25. Kxf2 cxd4 26. Re4 Re8 27.
Rxd4 b6 28. axb6 Rxb6 29. a4 Rb2+ 30. Kf3 Rbe2 31. Re4 R2xe4 32. dxe4 Rb8 33.
Ke3 h6 34. a5 Rb3+ 35. Kd4 Rxh3 36. Rb1 g5 37. Rb6 g4 38. Rxd6 g3 39. Rxa6 g2
40. Rb6 g1=Q+ 41. Ke5 Qxb6 42. axb6 Rb3 43. c5 Kf8 44. Kd6 h5 45. Kc6 h4 46. b7
h3 47. Kc7 Rxb7+ 48. Kxb7 h2 49. c6 h1=Q 50. c7 Qb1+ 51. Kc8 Qxe4 52. d6 Qe8+
53. Kb7 Qb5+ 54. Kc8 Ke8 55. d7+ Qxd7+ 56. Kb7 f5 57. Kb8 f4 58. c8=Q+ Qxc8+ 59.
Kxc8 f3 60. Kc7 f2 61. Kc6 f1=R 62. Kd5 Re1 63. Kd4 Ke7 64. Kd3 Ke6 65. Kd2 Re4
66. Kd3 Rh4 67. Ke3 Ke5 68. Kf3 Kf5 69. Ke3 Ra4 70. Kd3 Ke5 71. Kc3 Kd5 72. Kb3
Rc4 73. Ka3 Kd4 74. Kb3 Rc8 75. Kb4 Rb8+ 76. Ka5 Kc4 77. Ka6 Kc5 78. Ka7 Rb1 79.
Ka6 Rb2 80. Ka5 Ra2# 0-1

[Event "AUTO-INT-3506"]
[Site "http://www.queenalice.com/game.php?id=1601665"]
[Date "2020.3.4"]
[Round "1"]
[White "gomestrovao"]
[Black "kanibal"]
[Result "1-0"]
[WhiteElo "1503"]
[BlackElo "1638"]

1. e4 e5 2. Nf3 Nc6 3. Bc4 d6 4. d3 Be6 5. Bxe6 fxe6 6. O-O Nf6 7. Bg5 Be7 8.
Nc3 O-O 9. h3 Nh5 10. Bxe7 Qxe7 11. a3 g6 12. Qd2 Nd4 13. Nxd4 exd4 14. Ne2 c5
15. b4 b6 16. Rab1 a5 17. bxc5 dxc5 18. Rxb6 Qc7 19. Rfb1 Qf7 20. f3 Qf6 21.
R6b5 Qe5 22. Rb7 Rab8 23. Qh6 Qh8 24. Rxb8 Qg7 25. Rxf8+ Qxf8 26. Qxf8+ Kxf8 27.
Rb5 Kf7 28. Rxc5 Kf6 29. Rxa5 e5 30. Ra7 h6 31. a4 Ng7 32. Rxg7 Kxg7 33. a5 Kf6
34. a6 g5 35. a7 1-0

[Event "AUTO-INT-3506"]
[Site "http://www.queenalice.com/game.php?id=1601678"]
[Date "2020.3.4"]
[Round "1"]
[White "sphagnis"]
[Black "gomestrovao"]
[Result "0-1"]
[WhiteElo "1583"]
[BlackElo "1528"]

1. e4 e5 2. Bc4 Bc5 3. Nc3 Nf6 4. d3 h6 5. h3 O-O 6. Qf3 Nc6 7. Nge2 d6 8. O-O
a6 9. a3 Be6 10. Be3 Bxe3 11. Qxe3 Bxc4 12. dxc4 Rb8 13. Rad1 Na5 14. b3 c5 15.
Nd5 Nd7 16. Rb1 Nf6 17. b4 Nc6 18. Rfd1 Nxd5 19. cxd5 Ne7 20. bxc5 Qc7 21. Qc3
Qxc5 22. Qd3 Rfc8 23. c3 Qxa3 24. Ra1 Qc5 25. Rac1 Ng6 26. g3 Rc7 27. c4 Rbc8
28. Rc3 b5 29. cxb5 Qxb5 30. Qxb5 axb5 31. Rxc7 Rxc7 32. Rb1 Rb7 33. Nc3 b4 34.
Na4 Ne7 35. Nb2 Nc8 36. Nc4 b3 37. Na5 Rb4 38. Nxb3 Rxe4 39. Na5 Ne7 40. Rd1 Rd4
41. Rc1 Rxd5 42. Nc6 Nxc6 43. Rxc6 f6 44. h4 Kf7 45. Kg2 g5 46. Kh3 Rd2 47. Kg2
g4 48. h5 f5 49. Kf1 Kf6 50. Ke1 Rd4 51. Ke2 Kg5 52. f4+ exf4 53. gxf4+ Kxh5 54.
Ke3 Rd5 55. Rc7 Kh4 56. Rh7 h5 57. Kf2 Rd4 58. Ke3 Re4+ 59. Kf2 Rxf4+ 60. Kg2 g3
61. Rh6 Rf2+ 62. Kg1 Rd2 63. Rf6 Kg4 64. Rg6+ Kh3 65. Rg5 Rd1# 0-1

[Event "AUTO-INT-3506"]
[Site "http://www.queenalice.com/game.php?id=1601679"]
[Date "2020.3.4"]
[Round "1"]
[White "gomestrovao"]
[Black "sphagnis"]
[Result "1-0"]
[WhiteElo "1436"]
[BlackElo "1542"]

1. e4 e5 2. Nf3 Nc6 3. Bc4 Qf6 4. d3 h6 5. O-O d6 6. h3 Be6 7. Bb5 Ne7 8. Nc3 a6
9. Bxc6+ Nxc6 10. Be3 Nd4 11. Ne2 Be7 12. Nfxd4 exd4 13. Bxd4 Qg6 14. Nf4 Qg5
15. Nxe6 fxe6 16. Qg4 Qd2 17. Qxg7 O-O-O 18. Qxe7 Rhe8 19. Qf7 Qxc2 20. Rac1
Qxc1 21. Rxc1 c5 22. Bf6 Rf8 23. Qxe6+ Rd7 24. d4 Re8 25. Qxe8+ Kc7 26. dxc5 h5
27. cxd6+ Kxd6 28. Be5# 1-0

[Event "AUTO-INT-3506"]
[Site "http://www.queenalice.com/game.php?id=1601688"]
[Date "2020.3.4"]
[Round "1"]
[White "gomestrovao"]
[Black "zecafernandes"]
[Result "1-0"]
[WhiteElo "1435"]
[BlackElo "1303"]

1. e4 a6 2. d4 h6 3. Bc4 Nf6 4. Nc3 Nc6 5. d5 Na5 6. Be2 b5 7. Bd2 Nc4 8. Bxc4
bxc4 9. Qe2 d6 10. Qxc4 Qd7 11. O-O-O Qg4 12. Qc6+ 1-0

[Event "AUTO-INT-3506"]
[Site "http://www.queenalice.com/game.php?id=1601689"]
[Date "2020.3.4"]
[Round "1"]
[White "zecafernandes"]
[Black "gomestrovao"]
[Result "0-1"]
[WhiteElo "1285"]
[BlackElo "1514"]

1. e4 e5 2. a3 Bc5 3. Nf3 Nc6 4. b4 Bb6 5. d4 Nxd4 6. Nxe5 Qf6 7. f4 d6 8. Nf3
Nxf3+ 9. gxf3 Qh4+ 10. Kd2 Qxf4+ 11. Kc3 Qe5+ 12. Kb3 Be6+ 13. Bc4 Bxc4+ 14. Ka4
Qxa1 15. Nd2 Be6 16. Rg1 Bxg1 17. Qxg1 Bd7+ 18. Kb3 Ne7 19. Qd1 Be6+ 20. c4 b5
21. Qc2 bxc4+ 22. Nxc4 Qd4 23. Be3 Qxe3+ 24. Kb2 Qd4+ 25. Kb3 Bxc4+ 26. Qxc4
Qxc4+ 27. Kxc4 O-O 28. f4 Rfd8 0-1